| 000 | 00744cam a22002411 4500 | ||
|---|---|---|---|
| 001 | ne 66000054 | ||
| 003 | DLC | ||
| 005 | 20260227111820.0 | ||
| 008 | 890927s1965 ua b 000 0 arar | ||
| 010 | _ane 66000054 | ||
| 025 | _aPL480:UAR-6481 | ||
| 035 | _a(OCoLC)20402586 | ||
| 040 |
_aDLC _cWaU _dDLC |
||
| 042 | _apremarc | ||
| 050 | 0 | 0 |
_aKBP3950.2 _b.B34 1965 |
| 100 | 1 | _aBahnasī, Aḥmad Fatḥī. | |
| 245 | 1 | 3 |
_aal-Siyāsah al-jināʼīyah fī al-sharīʻah al-Islāmīyah, _ctaʼlīf Aḥmad Fatḥī Bahnasī. |
| 260 |
_aal-Qāhirah, _bMaktabat Dār al-ʻUrūbah, _c1965. |
||
| 300 |
_a260 p. _c24 cm. |
||
| 504 | _aBibliography: p. [249]-251. | ||
| 650 | 0 | _aCriminal law (Islamic law) | |
| 650 | 0 | _aPunishment (Islamic law) | |
| 999 |
_c48627 _d48627 |
||